| 000 | 00358cam a2200145ua 4500 | ||
|---|---|---|---|
| 041 |
_aeng _h |
||
| 082 |
_a615.7 _bALB/SE |
||
| 100 | _aAlbert, Adrien . | ||
| 245 |
_aSelectivity of Drugs / _cAdrien Albert. _hTextual Documents |
||
| 260 |
_aLondon : _bChapman and Hall Ltd , _c1975. |
||
| 300 | _a64 ; . | ||
| 504 | _a | ||
| 942 | _cBK | ||
| 999 |
_c1198 _d1198 |
||